| Tag |
First Indicator |
Second Indicator |
Subfields |
| LEADER |
00000pam a2200000 a 4500 |
| 001 |
in00000087835 |
| 005 |
20151008063027.0 |
| 008 |
810619s1982 enka b 00110 eng |
| 010 |
|
|
|a 81010179
|
| 020 |
|
|
|a 052123719X
|
| 035 |
|
|
|a (OCoLC)07597888
|
| 035 |
|
|
|9 AAK1429AM
|
| 039 |
0 |
|
|a 2
|b 3
|c 3
|d 3
|e 3
|
| 040 |
|
|
|a DLC
|c DLC
|d TXA
|d UtOrBLW
|
| 043 |
|
|
|a n-us---
|
| 049 |
|
|
|a TXAM
|c [802445]
|
| 050 |
0 |
0 |
|a E163
|b .F58 1982
|
| 082 |
0 |
|
|a 306.8/0973
|2 19
|
| 100 |
1 |
|
|a Fliegelman, Jay.
|
| 245 |
1 |
0 |
|a Prodigals and pilgrims :
|b the American revolution against patriarchal authority, 1750-1800 /
|c Jay Fliegelman.
|
| 264 |
|
1 |
|a Cambridge ;
|a New York :
|b Cambridge University Press,
|c 1982.
|
| 300 |
|
|
|a vii, 328 pages :
|b illustrations ;
|c 24 cm.
|
| 336 |
|
|
|a text
|b txt
|2 rdacontent
|
| 337 |
|
|
|a unmediated
|b n
|2 rdamedia
|
| 338 |
|
|
|a volume
|b nc
|2 rdacarrier
|
| 504 |
|
|
|a Includes bibliographical references and index.
|
| 650 |
|
0 |
|a Literature, Modern
|y 18th century
|x History and criticism.
|
| 650 |
|
0 |
|a Literature and history.
|
| 650 |
|
0 |
|a Parent and child in literature.
|
| 650 |
|
0 |
|a Families
|z United States
|x History
|y 18th century.
|
| 650 |
|
0 |
|a Patriarchy
|x Psychological aspects.
|
| 650 |
|
0 |
|a American literature
|y Revolutionary period, 1775-1783
|x History and criticism.
|
| 650 |
|
0 |
|a American literature
|y 1783-1850
|x History and criticism.
|
| 650 |
|
0 |
|a Books and reading
|z United States
|x History
|y 18th century.
|
| 651 |
|
0 |
|a United States
|x Intellectual life
|y 18th century.
|
| 999 |
|
|
|a MARS
|
| 999 |
f |
f |
|s d557fbb4-c3f3-33c5-9109-9bbe6713adae
|i 61d584b9-2f21-36a6-9e09-1dc5e7c5108e
|t 0
|
| 952 |
f |
f |
|p normal
|a Texas A&M University
|b College Station
|c Sterling C. Evans Library
|d Evans: Library Stacks
|t 0
|e E163 .F58 1982
|h Library of Congress classification
|i unmediated -- volume
|m A14805922149
|
| 998 |
f |
f |
|a E163 .F58 1982
|t 0
|l Evans: Library Stacks
|